Noem de zeven oceanen die op de wereld bekend zijn - Statistieken

Algemene statistieken
  • Deze quiz is 24 keer genomen
  • De gemiddelde score is 3 van 11
Antwoordstatistieken
Hint Antwoord % Correct
5 Indische Oceaan
100%
3 Noordelijke Atlantische Oceaan
30%
4 Zuidelijke Atlantische Oceaan
26%
7 Arctische Oceaan
17%
7 Noordelijke IJszee
17%
1 Noordelijke Stille Oceaan
17%
2 Zuidelijke Stille Oceaan
17%
6 Antarctische Oceaan
13%
1 Noordelijke Grote Oceaan
13%
2 Zuidelijke Grote Oceaan
13%
6 Zuidelijke Oceaan
9%
Geen overeenkomende quizzen gevonden
Scoreverdeling
Procent van Mensen met Elke Score
Percentiel versus Aantal Correcte Antwoorden
Uw Scoregeschiedenis
U heeft deze quiz nog niet genomen